| 000 | 00535nam a22001937a 4500 | ||
|---|---|---|---|
| 003 | OSt | ||
| 005 | 20140310181752.0 | ||
| 008 | 130627t xxu||||| |||| 00| 0 eng d | ||
| 020 | _a9717916330 | ||
| 050 |
_aQA 154.3 _b.D285 2005 |
||
| 082 |
_aFIL 512 _bD34 2005 |
||
| 100 | _aDeauna, Melecio C. | ||
| 245 |
_aAdvanced algebra, trigonometry, and statistics textbook IV / _cMelecio C. Deauna. |
||
| 260 |
_aQuezon City : _bSIBS, _cc2005. |
||
| 300 |
_ax, 580 p. : _c25 cm. |
||
| 942 |
_2lcc _cBK |
||
| 999 |
_c3260 _d3260 |
||